| 000 | 00788nam a2200241 i 4500 | ||
|---|---|---|---|
| 001 | bg | ||
| 100 | 1 | _aWesołowski, Piotr. | |
| 245 | 1 | 0 |
_aAparatura chemiczna i procesowa : _bmateriały pomocnicze. _nCz.2, _pMieszalniki i separatory / _cPiotr Wesołowski, Waldemar Szaferski, Jerzy Borowski. |
| 260 |
_aPoznań : _bWydawnictwo Politechniki Poznańskiej, _c2003. |
||
| 300 |
_a231 s. : _bil. ; _c24 cm. |
||
| 504 | _aBibliogr. | ||
| 650 | 9 |
_aTechnologia chemiczna _xurządzenia |
|
| 655 | _aPodręczniki akademickie | ||
| 700 | 1 | _aSZAFERSKI, Waldemar | |
| 700 | 1 | _aBOROWSKI, Jerzy | |
| 020 | _a8371435258 (cz. 2) | ||
| 040 | _cBPK | ||
| 041 | 0 | _apol | |
| 080 | _a66.01/.09(075.8) | ||
| 920 | _a83-7143-525-8 (cz. 2) | ||
| 942 | _cKS | ||
| 008 | s pl f |000 0 pol | ||
| 999 |
_c43063 _d43063 |
||
| 856 |
_uhttp://koha.tu.koszalin.pl/cgi-bin/koha/opac-detail.pl?biblionumber=43063 _yKatalog online BPK |
||